Los fichajes más caros del fútbol - Nacidos en 1995 - Estadísticas

Estadísticas generales
  • Esta prueba ha sido intentada 47 veces
  • La puntuación promedio es 8 de 10
Estadísticas de respuestas
Coste (M €) Temporada Nacionalidad Último club Nuevo club Jugador % Correcto
117,50 2021-2022 Inglaterra Aston Villa Manchester City Jack Grealish
100%
80,00 2019-2020 Costa de Marfil LOSC Lille Arsenal Nicolas Pépé
87%
48,00 2019-2020 Francia Lyon Real Madrid Ferland Mendy
78%
45,00 2019-2020 México PSV Eindhoven SSC Nápoles Nápoles Hirving Lozano
78%
45,30 2020-2021 Países Bajos Bournemouth Manchester City Nathan Aké
78%
72,00 2018-2019 Francia Mónaco Atlético Madrid Thomas Lemar
78%
60,00 2018-2019 Guinea RB Leipzig Liverpool Naby Keïta
74%
60,00 2015-2016 Francia Mónaco Manchester United Anthony Martial
70%
60,00 2023-2024 Brasil / Portugal Oporto Al-Nassr Otávio
70%
49,00 2022-2023 Inglaterra Leeds Manchester City Kalvin Phillips
67%
No se encontraron pruebas coincidentes
Distribución de puntuación
Porcentaje de gente con cada puntuación
Porcentaje por número respondido
Historial de tus puntuaciones
No has intentado esta prueba.